La biosécurité au service de la lutte contre l'influenza aviaire hautement pathogène : contraintes et solutions possibles (Record no. 46920)

MARC details
000 -LEADER
fixed length control field 00699nam a22002177a 4500
003 - CONTROL NUMBER IDENTIFIER
control field 0
005 - DATE AND TIME OF LATEST TRANSACTION
control field 20160609165406.0
008 - FIXED-LENGTH DATA ELEMENTS--GENERAL INFORMATION
fixed length control field 100208t xxu||||| |||| 00| 0 eng d
020 ## - NUMERO INTERNATIONAL NORMALISE DES LIVRES
International Standard Book Number 978-92-5-206074-1
022 ## - NUMERO INTERNATIONAL NORMALISE DES PUBLICATIONS EN SERIE
International Standard Serial Number 1014-1197
040 ## - SOURCE DU CATALOGAGE
Original cataloging agency BIDOC
Language of cataloging fr
Transcribing agency bidoc
110 ## - VEDETTE PRINCIPALE - NOM DE COLLECTIVITE
Corporate name or jurisdiction name as entry element FAO
9 (RLIN) 3504
245 ## - TITLE STATEMENT
Title La biosécurité au service de la lutte contre l'influenza aviaire hautement pathogène : contraintes et solutions possibles
260 ## - PUBLICATION, DISTRIBUTION, ETC. (IMPRINT)
Place of publication, distribution, etc Rome
Name of publisher, distributor, etc FAO
Date of publication, distribution, etc 2008
300 ## - PHYSICAL DESCRIPTION
Extent vii-81 p.
Other physical details couv. ill. en coul.
Dimensions 25 cm.
440 ## - SERIES STATEMENT/ADDED ENTRY--TITLE
Title FAO Production et Santé Animales
Number of part/section of a work 165
9 (RLIN) 3505
650 ## - SUBJECT ADDED ENTRY--TOPICAL TERM
Topical term or geographic name as entry element Santé animale
9 (RLIN) 3506
650 ## - SUBJECT ADDED ENTRY--TOPICAL TERM
Topical term or geographic name as entry element Influenza virus aviaire
9 (RLIN) 3507
650 ## - SUBJECT ADDED ENTRY--TOPICAL TERM
Topical term or geographic name as entry element Sécurité
9 (RLIN) 3508
942 ## - ADDED ENTRY ELEMENTS (KOHA)
Koha item type Livre
Holdings
Withdrawn status Lost status Damaged status Not for loan Location (home branch) Sublocation or collection (holding branch) Date acquired Source of acquisition Koha issues (times borrowed) Koha full call number Koha date last seen Price effective from Koha item type Public note Copy number
        Bibliothèque-Centre de Documentation de la Faculté des Sciences Agronomiques Bibliothèque-Centre de Documentation de la Faculté des Sciences Agronomiques 10/08/2010 Ambassade de France   PA.2008.004 10/08/2010 10/08/2010 Livre Consultation sur place  
        Bibliothèque-Centre de Documentation de la Faculté des Sciences Agronomiques Bibliothèque-Centre de Documentation de la Faculté des Sciences Agronomiques 10/08/2010 FAO   PA.2008.004 10/08/2010 10/08/2010 Livre   1


© 2008, Bibliothèques de l'Université d'Abomey-Calavi

04 BP 789 Cotonou, Tél. : +229 21 36 01 01, Fax : +229 21 35 06 32

Courriel : bu@bu.uac.bj